American buffalo : (Record no. 200468180)

MARC details
000 -LEADER
fixed length control field 02277cam a2200541 i 4500
001 - CONTROL NUMBER
control field 200468180
003 - CONTROL NUMBER IDENTIFIER
control field TR-AnTOB
005 - DATE AND TIME OF LATEST TRANSACTION
control field 20260417150240.0
007 - PHYSICAL DESCRIPTION FIXED FIELD--GENERAL INFORMATION
fixed length control field ta
008 - FIXED-LENGTH DATA ELEMENTS--GENERAL INFORMATION
fixed length control field 260417t19771976nyu 000 d eng
010 ## - LIBRARY OF CONGRESS CONTROL NUMBER
LC control number 77078079
016 ## - NATIONAL BIBLIOGRAPHIC AGENCY CONTROL NUMBER
Record control number (AMICUS)000008240468
020 ## - INTERNATIONAL STANDARD BOOK NUMBER
International Standard Book Number 0802140998
International Standard Book Number 9780802140999
International Standard Book Number 0802150578
Qualifying information (paperback)
International Standard Book Number 9780802150578
International Standard Book Number 0394170164
International Standard Book Number 9780394170169
Canceled/invalid ISBN 0802101607
035 ## - SYSTEM CONTROL NUMBER
System control number (CaAwUCM)3386971-01ucs_ucm
System control number (OCoLC)03386971
Canceled/invalid control number (OCoLC)1191331665
-- (OCoLC)1201897361
-- (OCoLC)1201917919
-- (OCoLC)1202022282
System control number (OCoLC)ocm03386971
System control number (EXLNZ-01UCS_NETWORK)9912319891106531
System control number (TR-AnTOB)200468180
040 ## - CATALOGING SOURCE
Original cataloging agency DLC
Language of cataloging eng
Description conventions rda
Transcribing agency DLC
Modifying agency EL$
-- OCL
-- BAKER
-- BTCTA
-- YDXCP
-- CUY
-- OKR
-- SJL
-- DEBBG
-- OCLCO
-- MVU
-- OCLCF
-- P4I
-- OCLCQ
-- OCLCO
-- OCL
-- CNUTO
-- JTH
-- OCL
-- NLC
-- OCLCQ
-- TYC
-- OCLCQ
-- BDX
-- OCLCQ
-- GILDS
-- OCLCO
-- PAU
-- OCLCQ
-- XFF
-- NZ1
-- OCL
-- OCLCA
-- CPS
-- TFW
-- OCLCO
-- CNO
-- OCLCO
-- OCL
-- OCLCO
-- ZQC
-- OCLCO
-- OCLCL
-- OCLCQ
-- OCLCL
-- SJD
-- TR-AnTOB
041 0# - LANGUAGE CODE
Language code of text/sound track or separate title İngilizce
043 ## - GEOGRAPHIC AREA CODE
Geographic area code n-us---
050 00 - LIBRARY OF CONGRESS CALL NUMBER
Classification number PS3563.A4345
Item number A4 1977
090 ## - LOCALLY ASSIGNED LC-TYPE CALL NUMBER (OCLC); LOCAL CALL NUMBER (RLIN)
Classification number (OCLC) (R) ; Classification number, CALL (RLIN) (NR) PS3563.A4345
Local cutter number (OCLC) ; Book number/undivided call number, CALL (RLIN) A4 1977
100 1# - MAIN ENTRY--PERSONAL NAME
Personal name Mamet, David
Relator term author
Relator code aut
Authority record control number or standard number http://id.loc.gov/authorities/names/n77012756
9 (RLIN) 153768
245 10 - TITLE STATEMENT
Title American buffalo :
Remainder of title a play /
Statement of responsibility, etc. by David Mamet.
264 #1 - PRODUCTION, PUBLICATION, DISTRIBUTION, MANUFACTURE, AND COPYRIGHT NOTICE
Place of production, publication, distribution, manufacture New York :
Name of producer, publisher, distributor, manufacturer Grove Press,
Date of production, publication, distribution, manufacture, or copyright notice 1977.
Date of production, publication, distribution, manufacture, or copyright notice ©1976
300 ## - PHYSICAL DESCRIPTION
Extent 106 pages ;
Dimensions 21 cm
336 ## - CONTENT TYPE
Content type term text
Content type code txt
Source rdacontent
337 ## - MEDIA TYPE
Media type term unmediated
Media type code n
Source rdamedia
338 ## - CARRIER TYPE
Carrier type term volume
Carrier type code nc
Source rdacarrier
490 0# - SERIES STATEMENT
Series statement An Evergreen book
520 ## - SUMMARY, ETC.
Summary, etc. Two neighborhood punks and the owner of a junk shop plot to burglarize a coin collector's apartment. They fail because of inertia, ineptitude and mutual distrust, but remain bound together by their helpless frustration. 2 acts, 3 men, 1 interior.
650 #0 - SUBJECT ADDED ENTRY--TOPICAL TERM
Topical term or geographic name entry element Swindlers and swindling
Form subdivision Drama
9 (RLIN) 153770
Topical term or geographic name entry element Coins
Form subdivision Drama
9 (RLIN) 153771
Topical term or geographic name entry element Thieves
Form subdivision Drama
9 (RLIN) 153772
655 #7 - INDEX TERM--GENRE/FORM
Genre/form data or focus term Acting editions
Source of term lcgft
Authority record control number http://id.loc.gov/authorities/genreForms/gf2014026215
9 (RLIN) 153773
Genre/form data or focus term Drama
Source of term lcgft
Authority record control number http://id.loc.gov/authorities/genreForms/gf2014026297
9 (RLIN) 153046
942 ## - ADDED ENTRY ELEMENTS (KOHA)
Source of classification or shelving scheme Library of Congress Classification
Koha item type Book
Holdings
Withdrawn status Lost status Source of classification or shelving scheme Not for loan Collection code Home library Current library Shelving location Date acquired Source of acquisition Inventory number Total Checkouts Full call number Date last seen Copy number Date shelved Koha item type Public note
    Library of Congress Classification Ödünç Verilemez-Kurumiçi kullanım / Not for loan-For inhouse use Genel Koleksiyon Tıp Fakültesi Medikal Kütüphane Tıp Fakültesi Medikal Kütüphane Genel Koleksiyon / Main Collection 18/03/2026 Bağış / Donation İDE   PS3563.A4345 A4 1977 TıpFaK 17/04/2026 1 17/04/2026 Book Donated by Prof. Dr. Şükrü Cin
Devinim Yazılım Eğitim Danışmanlık tarafından Koha'nın orjinal sürümü uyarlanarak geliştirilip kurulmuştur.